Statistiche per Capitali del mondo che iniziano con la B

Clicka qui per fare il quiz!

Statistiche generali

  • Questo quiz è stato fatto 1.014 volte
    (849 dall'ultimo reset)
  • Il punteggio medio è 16 su 25

Statistiche sulle risposte

Risposte% Corretto
Berlino
84%
Bucarest
81%
Brasilia
80%
Budapest
80%
Belgrado
75%
Bratislava
75%
Bogotà
73%
Bruxelles
72%
Berna
70%
Buenos Aires
69%
Beirut
67%
Baghdad
65%
Bangkok
62%
Belmopan
59%
Baku
58%
Bamako
55%
Bangui
52%
Bishkek
52%
Bandar Seri Begawan
51%
Brazzaville
51%
Banjul
50%
Basseterre
46%
Bridgetown
46%
Bissau
45%
Bloemfontein
35%

Distribuzione punteggi

Percentile per numero di risposta

Percentuale di utenti per punteggio

I tuoi punteggi nel tempo

Non hai fatto questo quiz dall'ultimo reset